All Formula E E-Prix Ever - Statistics

General Stats
  • This quiz has been taken 152 times
    55 since last reset
  • The average score is 13 of 33
Answer Stats
# Last Appearance E-Prix % Correct
12 2024 London ePrix
94%
20 2024 Berlin ePrix
85%
8 2023 Rome ePrix
76%
10 2022 New York City ePrix
67%
4 2019 Paris ePrix
67%
10 2026 Mexico City ePrix
64%
2 2025 Miami ePrix
58%
4 2026 Sao Paulo ePrix
52%
1 2023 Cape Town ePrix
48%
4 2025 Jakarta ePrix
48%
9 2025 Monaco ePrix
48%
2 2021 Valencia ePrix
48%
2 2016 Beijing ePrix
45%
3 2017 Buenos Aires ePrix
42%
3 2010 Santiago ePrix
42%
1 2018 Zurich ePrix
42%
3 2024 Portland ePrix
39%
2 2017 Montreal ePrix
33%
2 2021 Puebla ePrix
33%
1 2019 Sanya ePrix
33%
2 2016 Long Beach ePrix
30%
9 2024 Diriyah ePrix
27%
2 2022 Seoul ePrix
27%
4 2019 Hong Kong ePrix
24%
5 2022 Marrakesh ePrix
24%
3 2018 Punta del Este ePrix
24%
1 2019 Swiss ePrix
21%
2 2016 Putrajaya ePrix
15%
3 2025 Tokyo ePrix
6%
1 2023 Hyderabad ePrix
3%
4 2026 Jeddah ePrix
3%
2 2024 Misano ePrix
3%
4 2024 Shanghai ePrix
3%
No matching quizzes found
Score Distribution
Percent of People with Each Score
Percentile by Number Answered
Your Score History
You have not taken this quiz since the last reset